000
00235nam a2200097Ia 4500
001
848095
005
20250826173412.0
008
250824s9999 xx 000 0 und d
245
0
_a
HALİME KAPTAN
_c
RIFAT ILGAZ
260
_b
ÇINAR YAYINLARI
999
_c
848095
_d
848095